000 00474nam a2200205Ia 4500
003 OSt
005 20251209111313.0
008 250729s1925 xx 000 0 und d
020 _a0807830887
040 _cAL
041 _aeng
082 _a900 WICB
100 _aWilliamson A James
_9226216
245 _aBuilders of the empire
260 _aOxford
_c1925
300 _a297p
650 _aHistory
_9226217
700 _aRao Digumurthi
_9226218
942 _2ddc
_cBED
999 _c237220
_d237220